[Event "British Chess Championships 2023: Weekend Tournament Penrose"]
[Site "De Montfort University, 20 Western Boulevard, Leicester, LE2 7BU"]
[Date "2023.07.24"]
[Round "5"]
[Board "22"]
[White "Diniz Afonso, Davi"]
[Black "Clegg, Robert"]
[Result "1-0"]
[WhiteElo "1615"]
[BlackElo "1860"]
[PlyCount "133"]
[EventDate "2023.07.21"]
[EventRounds "5"]
[EventCountry "ENG"]

1. d4 Nf6 2. Bg5 Ne4 3. h4 c5 4. d5 Qa5+ 5. Nd2 e6 6. c3 Nxg5 7. hxg5 g6 8. Ne4 Bg7
9. Nd6+ Ke7 10. Nc4 Qd8 11. e4 d6 12. Nf3 b5 13. Ne3 a6 14. Qd2 Bb7 15. Rd1 e5 16.
Ng4 Nd7 17. Bd3 c4 18. Bc2 Nc5 19. Nh4 Bc8 20. Nh6 Bxh6 21. gxh6 f6 22. O-O Bg4 23.
f3 Bd7 24. f4 Qb6 25. Kh1 Raf8 26. fxe5 dxe5 27. d6+ Kd8 28. Qf2 Be6 29. b4 Nd7 30.
Qd2 Kc8 31. a4 Kb7 32. Ra1 Ra8 33. g3 Rhc8 34. Ng2 Qd8 35. Ne3 Qf8 36. Nd5 g5 37.
Nc7 Qxh6+ 38. Kg1 Qh3 39. Nxa8 Qxg3+ 40. Qg2 Qxg2+ 41. Kxg2 Rxa8 42. axb5 axb5 43.
Rxa8 Kxa8 44. Rh1 Bg8 45. Bd1 Kb7 46. Bg4 Nf8 47. d7 Kc7 48. Rd1 Kd8 49. Rd6 h5 50.
Rxf6 Nxd7 51. Rg6 Bh7 52. Rg7 Bxe4+ 53. Bf3 Bxf3+ 54. Kxf3 g4+ 55. Ke4 h4 56. Kf5
g3 57. Rg4 Kc7 58. Rxh4 Kd6 59. Rg4 Kd5 60. Rxg3 Kd6 61. Rg7 Nf8 62. Rf7 Nd7 63.
Rxd7+ Kxd7 64. Kxe5 Kc6 65. Ke6 Kc7 66. Kd5 Kb6 67. Kd6  1-0

[Event "British Chess Championships 2023: Weekend Tournament Penrose"]
[Site "De Montfort University, 20 Western Boulevard, Leicester, LE2 7BU"]
[Date "2023.07.24"]
[Round "5"]
[Board "23"]
[White "Fernando, Manel"]
[Black "Lawrence, Spencer"]
[Result "0-1"]
[WhiteElo "1627"]
[BlackElo "1849"]
[PlyCount "78"]
[EventDate "2023.07.21"]
[EventRounds "5"]
[EventCountry "ENG"]

1. d4 Nf6 2. Nf3 g6 3. Bf4 d6 4. e3 Bg7 5. Bd3 O-O 6. O-O c5 7. c3 Nbd7 8. Nbd2 Re8
9. Ne4 Nxe4 10. Bxe4 Nf6 11. Bc2 Bg4 12. h3 Bd7 13. Re1 cxd4 14. exd4 b5 15. Bb3
a5 16. a3 Qb6 17. Ng5 e6 18. Nf3 b4 19. axb4 axb4 20. Rxa8 Rxa8 21. c4 Rd8 22. Qc2
Bc6 23. d5 exd5 24. Be3 Qb7 25. cxd5 Nxd5 26. Bd4 Nf4 27. Bxg7 Bxf3 28. Qc4 Nxg2
29. Bf6 Nxe1 30. Bxd8 Be2 31. Qd5 Qxd5 32. Bxd5 Nd3 33. Bc4 Nf4 34. Bxe2 Nxe2+ 35.
Kf1 Nf4 36. Be7 b3 37. Bxd6 Nxh3 38. Ke2 g5 39. Kd3 Nxf2+  0-1

[Event "British Chess Championships 2023: Weekend Tournament Penrose"]
[Site "De Montfort University, 20 Western Boulevard, Leicester, LE2 7BU"]
[Date "2023.07.24"]
[Round "5"]
[Board "24"]
[White "Hariharan, Shambavi"]
[Black "Veselow, Zoe"]
[Result "1-0"]
[WhiteElo "1829"]
[BlackElo "1720"]
[PlyCount "143"]
[EventDate "2023.07.21"]
[EventRounds "5"]
[EventCountry "ENG"]

1. d4 Nf6 2. c4 e6 3. g3 d5 4. Bg2 b6 5. Nf3 Nbd7 6. cxd5 exd5 7. O-O Be7 8. Nc3
Bb7 9. Bf4 a6 10. Ne5 O-O 11. Qb3 c6 12. Rac1 Nxe5 13. Bxe5 Nd7 14. Bf4 Bf6 15. Rfd1
Re8 16. Qc2 b5 17. e4 Nb6 18. exd5 cxd5 19. b3 Rc8 20. Qd2 Rc6 21. Ne2 Rce6 22. Re1
R8e7 23. Bh3 Rc6 24. Rxc6 Bxc6 25. Qa5 Bb7 26. Bg4 h6 27. Rc1 Kh7 28. Qc3 Na8 29.
Qc2+ g6 30. Qc5 Qe8 31. Qd6 Bg7 32. Be3 h5 33. Bf3 Rxe3 34. fxe3 Qxe3+ 35. Kg2 Bxd4
36. Rf1 Kg7 37. Qf4 Qxf4 38. Nxf4 Nb6 39. Rd1 Be3 40. Nxd5 Nxd5 41. Bxd5 Bxd5+ 42.
Rxd5 b4 43. Ra5 Bd2 44. Rxa6 Kf8 45. a3 bxa3 46. Rxa3 Ke7 47. Ra7+ Kf6 48. Rb7 Bc3
49. b4 Bxb4 50. Rxb4 g5 51. Kf3 Kg6 52. h4 f6 53. Rb6 Kf5 54. Rb5+ Kg6 55. hxg5 fxg5
56. Ke4 h4 57. gxh4 gxh4 58. Kf4 h3 59. Kg3 Kf6 60. Kxh3 Ke6 61. Kg4 Kd6 62. Kf4
Kc6 63. Rh5 Kb6 64. Ke4 Kc6 65. Kd4 Kb6 66. Kc4 Ka6 67. Rb5 Ka7 68. Rb1 Ka6 69. Kc5
Ka7 70. Kc6 Ka8 71. Kc7 Ka7 72. Ra1#  1-0

[Event "British Chess Championships 2023: Weekend Tournament Penrose"]
[Site "De Montfort University, 20 Western Boulevard, Leicester, LE2 7BU"]
[Date "2023.07.24"]
[Round "5"]
[Board "25"]
[White "Roul, Tushar"]
[Black "Graff, Ben"]
[Result "0-1"]
[WhiteElo "1545"]
[BlackElo "1793"]
[PlyCount "50"]
[EventDate "2023.07.21"]
[EventRounds "5"]
[EventCountry "ENG"]

1. e4 e6 2. d4 d5 3. exd5 exd5 4. Bd3 Bd6 5. h3 h6 6. c3 Ne7 7. Qc2 c6 8. Nf3 Nd7
9. O-O Qc7 10. Re1 O-O 11. Nbd2 Nb6 12. Nb3 Re8 13. Be3 Be6 14. Ne5 Nc4 15. Nf3 Nxe3
16. Rxe3 Qb6 17. Ree1 c5 18. dxc5 Bxc5 19. Be2 Bf5 20. Qd1 Rab8 21. h4 Bh7 22. c4
Red8 23. cxd5 Bxf2+ 24. Kf1 Nxd5 25. Qc1 Nf4  0-1

[Event "British Chess Championships 2023: Weekend Tournament Penrose"]
[Site "De Montfort University, 20 Western Boulevard, Leicester, LE2 7BU"]
[Date "2023.07.24"]
[Round "5"]
[Board "26"]
[White "Siu, Kam Wa"]
[Black "Salazar Eyre, Emma"]
[Result "1/2-1/2"]
[WhiteElo "1782"]
[BlackElo "1711"]
[PlyCount "98"]
[EventDate "2023.07.21"]
[EventRounds "5"]
[EventCountry "ENG"]

1. e4 e5 2. Nf3 Nc6 3. d4 exd4 4. Bc4 Nf6 5. O-O Nxe4 6. Re1 d5 7. Bxd5 Qxd5 8. Nc3
Qh5 9. Nxe4 Be6 10. Bg5 Bd6 11. Nxd6+ cxd6 12. Bf4 O-O-O 13. Nxd4 Qxd1 14. Raxd1
Nxd4 15. Rxd4 d5 16. Be5 Rhg8 17. Re3 Rd7 18. Rg3 f6 19. Bf4 g5 20. Bd2 Rc7 21. c3
Rc4 22. h3 Rxd4 23. cxd4 Kd7 24. f4 gxf4 25. Rxg8 Bxg8 26. Bxf4 f5 27. Kf2 Bf7 28.
Kg3 Ke6 29. Be5 Bg6 30. Kf4 a6 31. Kg5 Kf7 32. Kh6 Ke6 33. a4 Kf7 34. a5 Ke6 35.
h4 Ke7 36. h5 Bf7 37. Kg5 Ke6 38. g3 Be8 39. h6 Bg6 40. Kf4 Kd7 41. Bf6 Ke6 42. Bd8
Kd7 43. Bb6 Ke6 44. Ke3 Kd6 45. Bc5+ Ke6 46. Kd2 Be8 47. Ke3 Bg6 48. Bb4 Be8 49.
b3 Bc6  1/2-1/2

[Event "British Chess Championships 2023: Weekend Tournament Penrose"]
[Site "De Montfort University, 20 Western Boulevard, Leicester, LE2 7BU"]
[Date "2023.07.24"]
[Round "5"]
[Board "27"]
[White "Matthew, Ian G"]
[Black "Karia, Kamlesh"]
[Result "0-1"]
[WhiteElo "1745"]
[BlackElo "1560"]
[PlyCount "66"]
[EventDate "2023.07.21"]
[EventRounds "5"]
[EventCountry "ENG"]

1. e4 e5 2. f4 d6 3. Bc4 Qh4+ 4. g3 Qe7 5. d3 Nc6 6. Nc3 Na5 7. Bb3 Nxb3 8. axb3
Nf6 9. Nf3 h6 10. Nb5 a6 11. c4 Rb8 12. Nc3 g6 13. Kf2 Bh3 14. Re1 Bg7 15. Nd5 Ng4+
16. Kg1 Qd8 17. Ne3 exf4 18. Nxg4 Bxg4 19. gxf4 O-O 20. Kg2 Qd7 21. Qd2 Bxf3+ 22.
Kxf3 Qh3+ 23. Ke2 Qxh2+ 24. Kd1 Qxd2+ 25. Bxd2 Bxb2 26. Ra2 Bg7 27. Rh1 f5 28. e5
dxe5 29. fxe5 Bxe5 30. Bxh6 Rfd8 31. Rh3 Kf7 32. Re2 Bd6 33. Bg5 Rh8  0-1

[Event "British Chess Championships 2023: Weekend Tournament Penrose"]
[Site "De Montfort University, 20 Western Boulevard, Leicester, LE2 7BU"]
[Date "2023.07.24"]
[Round "5"]
[Board "28"]
[White "Hollyman, Mike"]
[Black "Staniland, Philip"]
[Result "1/2-1/2"]
[WhiteElo "1555"]
[BlackElo "1908"]
[PlyCount "219"]
[EventDate "2023.07.21"]
[EventRounds "5"]
[EventCountry "ENG"]

1. c4 e5 2. Nc3 Bb4 3. g3 Bxc3 4. bxc3 d6 5. Bg2 Nc6 6. e4 Nge7 7. Ne2 O-O 8. O-O
b6 9. d3 f5 10. f4 fxe4 11. Bxe4 Rb8 12. Be3 Qe8 13. d4 Bh3 14. Rf2 exf4 15. Nxf4
Bd7 16. Qc2 Bf5 17. Raf1 Bxe4 18. Qxe4 Qd7 19. Ne6 Rxf2 20. Rxf2 Re8 21. Ng5 Ng6
22. Qd5+ Kh8 23. Nf7+ Kg8 24. Nxd6+ Re6 25. Nf5 Qe8 26. Qf3 Na5 27. d5 Rf6 28. Bd4
Rf7 29. Bxg7 Rxg7 30. Nh6+ Kh8 31. Nf7+ Rxf7 32. Qxf7 Qe5 33. Qf6+ Kg8 34. Qf7+ Kh8
35. Qf6+ Qxf6 36. Rxf6 Ne5 37. Rf8+ Kg7 38. Rc8 Naxc4 39. Rxc7+ Kg6 40. Rxa7 h6 41.
Rb7 Kf5 42. Rh7 Kg6 43. Re7 Kf6 44. Re6+ Kg5 45. d6 Nd7 46. Re4 Nd2 47. h4+ Kf5 48.
Re7 Nf3+ 49. Kg2 Nfe5 50. Kh3 Kf6 51. g4 Nf8 52. Rb7 Nfd7 53. Kg3 Ke6 54. g5 hxg5
55. hxg5 Kd5 56. Ra7 Ke6 57. Kf4 Ng6+ 58. Ke4 Nc5+ 59. Kd4 Kxd6 60. Rf7 Ne6+ 61.
Kc4 Ne5+ 62. Kb5 Nxf7 63. Kxb6 Nfxg5 64. a4 Ne4 65. c4 N4c5 66. a5 Nc7 67. a6 N7xa6
68. Ka5 Ke5 69. Kb6 Kd4 70. Kc6 Kxc4 71. Kd6 Kd4 72. Kc6 Ke5 73. Kb5 Kd5 74. Ka5
Nc7 75. Kb4 Kd4 76. Ka5 Nd7 77. Kb4 Kd3 78. Kb3 Nd5 79. Ka4 Kc4 80. Ka5 N7b6 81.
Ka6 Kc5 82. Ka5 Kc6 83. Ka6 Nc4 84. Ka7 Nc7 85. Kb8 Nd6 86. Ka7 Nc8+ 87. Kb8 Nd6
88. Ka7 Nc8+ 89. Kb8 Nb6 90. Ka7 Na4 91. Kb8 Nc5 92. Kc8 N5e6 93. Kb8 Nd8 94. Kc8
Nce6 95. Kb8 Nf7 96. Kc8 Kb5 97. Kb8 Kb6 98. Ka8 Nf8 99. Kb8 Nd7+ 100. Ka8 Nc5 101.
Kb8 Nd3 102. Ka8 Nc5 103. Kb8 Ne6 104. Ka8 Ned8 105. Kb8 Nd6 106. Ka8 Nc8 107. Kb8
Na7 108. Ka8 Nb5 109. Kb8 Nc6+ 110. Kc8  1/2-1/2

[Event "British Chess Championships 2023: Weekend Tournament Penrose"]
[Site "De Montfort University, 20 Western Boulevard, Leicester, LE2 7BU"]
[Date "2023.07.24"]
[Round "5"]
[Board "29"]
[White "Lataille, Matthias"]
[Black "Ng, Stephen"]
[Result "1/2-1/2"]
[WhiteElo "1797"]
[BlackElo "1618"]
[PlyCount "82"]
[EventDate "2023.07.21"]
[EventRounds "5"]
[EventCountry "ENG"]

1. e4 e6 2. d4 d5 3. e5 c5 4. c3 Nc6 5. Nf3 Qb6 6. Bd3 Bd7 7. dxc5 Bxc5 8. O-O Qc7
9. Re1 Nge7 10. b4 Bb6 11. Na3 a6 12. Rb1 Na7 13. c4 dxc4 14. Nxc4 Nb5 15. Nxb6 Qxb6
16. Be3 Qd8 17. Qb3 Nd5 18. Bd2 Rc8 19. Rbc1 Na7 20. Rxc8 Qxc8 21. Rc1 Qb8 22. Be4
Bc6 23. a4 O-O 24. Re1 Qe8 25. a5 Nb5 26. Ng5 h6 27. Qh3 Ne7 28. Bb1 Qd7 29. Bc1
Nf5 30. Ne4 Bxe4 31. Bxe4 Rc8 32. g4 Nfd4 33. Be3 Nc3 34. Bxd4 Qxd4 35. Bxb7 Rc4
36. Bxa6 Rxb4 37. Qf3 Qxg4+ 38. Qxg4 Rxg4+ 39. Kf1 Ra4 40. Rc1 Rxa5 41. Rxc3 Rxa6
 1/2-1/2

[Event "British Chess Championships 2023: Weekend Tournament Penrose"]
[Site "De Montfort University, 20 Western Boulevard, Leicester, LE2 7BU"]
[Date "2023.07.24"]
[Round "5"]
[Board "30"]
[White "Holmes, Stephen"]
[Black "Di-Vetta, Andrew"]
[Result "0-1"]
[WhiteElo "1313"]
[BlackElo "1776"]
[PlyCount "88"]
[EventDate "2023.07.21"]
[EventRounds "5"]
[EventCountry "ENG"]

1. d4 Nf6 2. e3 b6 3. f4 Bb7 4. Nf3 e6 5. Bd3 c5 6. c3 Be7 7. Nbd2 Qc7 8. O-O d5
9. Ne5 Nbd7 10. Ndf3 c4 11. Bc2 O-O 12. Nxd7 Qxd7 13. Ne5 Qc7 14. Qf3 Ne4 15. Bxe4
dxe4 16. Qh3 b5 17. a3 Bd5 18. Bd2 f6 19. Ng4 Bd6 20. Nf2 f5 21. g4 Rf6 22. Kh1 Bxf4
23. gxf5 exf5 24. Qg2 Rg6 25. Qh3 Rh6 26. Qxf5 Rd8 27. Ng4 Rxh2+ 28. Nxh2 Bxh2 29.
Rf2 Bg3 30. Rg2 Bh4 31. Rf1 Qe7 32. Be1 Bxe1 33. Rxe1 Qh4+ 34. Kg1 Qxe1+ 35. Kh2
Qxe3 36. Qe5 Qh6+ 37. Kg1 e3 38. Rh2 Qg6+ 39. Kf1 Qd3+ 40. Ke1 Qb1+ 41. Ke2 Qxb2+
42. Ke1 Qxc3+ 43. Kf1 Rf8+ 44. Kg1 Qe1#  0-1

[Event "British Chess Championships 2023: Weekend Tournament Penrose"]
[Site "De Montfort University, 20 Western Boulevard, Leicester, LE2 7BU"]
[Date "2023.07.24"]
[Round "5"]
[Board "31"]
[White "Trimble, Thomas"]
[Black "Knight, Christopher J"]
[Result "1-0"]
[WhiteElo "1779"]
[BlackElo "1718"]
[PlyCount "91"]
[EventDate "2023.07.21"]
[EventRounds "5"]
[EventCountry "ENG"]

1. e4 c5 2. d4 cxd4 3. c3 dxc3 4. Nxc3 Nc6 5. Nf3 d6 6. Bc4 e6 7. O-O a6 8. Qe2 Nf6
9. e5 dxe5 10. Nxe5 Nxe5 11. Qxe5 Bd6 12. Qe2 Qc7 13. h3 b5 14. Bd5 Nxd5 15. Nxd5
Qc6 16. Bf4 Bb7 17. Rad1 Bxf4 18. Nxf4 O-O 19. Rc1 Qb6 20. Qe5 Rac8 21. Nh5 f6 22.
Qg3 g5 23. Nxf6+ Rxf6 24. Qxg5+ Rg6 25. Rxc8+ Bxc8 26. Qe7 Rxg2+ 27. Kxg2 Qb7+ 28.
Qxb7 Bxb7+ 29. Kg3 Bd5 30. a3 Kf7 31. Rc1 Kf6 32. Rc7 h5 33. Ra7 Kg5 34. h4+ Kf5
35. Rxa6 Bc4 36. Rb6 e5 37. b3 Bxb3 38. Rxb5 Bd1 39. Ra5 Ke4 40. Ra7 Kd3 41. a4 e4
42. a5 e3 43. fxe3 Kxe3 44. a6 Bf3 45. Re7+ Be4 46. Rxe4+  1-0

[Event "British Chess Championships 2023: Weekend Tournament Penrose"]
[Site "De Montfort University, 20 Western Boulevard, Leicester, LE2 7BU"]
[Date "2023.07.24"]
[Round "5"]
[Board "32"]
[White "Mckenna, Joshua"]
[Black "Ball, Matthew P"]
[Result "0-1"]
[WhiteElo "1600"]
[BlackElo "1778"]
[PlyCount "66"]
[EventDate "2023.07.21"]
[EventRounds "5"]
[EventCountry "ENG"]

1. e4 d6 2. d4 Nf6 3. Nc3 Nbd7 4. Nf3 e5 5. Bc4 Be7 6. dxe5 dxe5 7. O-O c6 8. Bg5
O-O 9. h3 b5 10. Bd3 Qc7 11. a3 Nc5 12. Re1 Ne6 13. Bh4 h6 14. Bg3 Bd6 15. Qe2 Nh5
16. Bh2 Nef4 17. Bxf4 Nxf4 18. Qe3 Qe7 19. Ne2 Bc5 20. Qd2 g5 21. Nxf4 gxf4 22. Bf1
Kh7 23. Qc3 f6 24. b4 Bb6 25. Qxc6 Bd7 26. Qd5 Rg8 27. Kh2 Bxf2 28. Re2 Bb6 29. Qb3
Rg3 30. Qd5 Rd8 31. Nh4 Qg7 32. Qa2 Rxh3+ 33. gxh3 Qg1#  0-1

[Event "British Chess Championships 2023: Weekend Tournament Penrose"]
[Site "De Montfort University, 20 Western Boulevard, Leicester, LE2 7BU"]
[Date "2023.07.24"]
[Round "5"]
[Board "33"]
[White "Venn, Hiren"]
[Black "Cave, Nathan"]
[Result "1-0"]
[WhiteElo "1795"]
[BlackElo "1717"]
[PlyCount "61"]
[EventDate "2023.07.21"]
[EventRounds "5"]
[EventCountry "ENG"]

1. d4 Nf6 2. c4 c5 3. d5 b5 4. cxb5 a6 5. Nc3 d6 6. e4 Nbd7 7. Nf3 g6 8. b3 Bg7 9.
Bb2 Nxe4 10. Qc2 Qa5 11. Nd2 Nxc3 12. Nc4 Qc7 13. Bxc3 Bxc3+ 14. Qxc3 axb5 15. Qxh8+
Nf8 16. Nd2 Qb7 17. Qc3 Bd7 18. Qf3 h5 19. Be2 Ra5 20. h3 Qa8 21. a4 Nh7 22. O-O
Nf6 23. Qc3 Kd8 24. axb5 Rxa1 25. Rxa1 Qb7 26. Qa5+ Kc8 27. b6 Kb8 28. Ba6 Qxd5 29.
Be2 Bc6 30. Qa7+ Kc8 31. Qc7#  1-0